[Event "HUN-ch Rapid"]
[Site "Ajka"]
[Date "2023.07.23"]
[Round "13"]
[White "Szalay Ocsak, Bank"]
[Black "Jacso, Adam"]
[Result "1/2-1/2"]
[WhiteElo "2102"]
[BlackElo "2199"]
[PlyCount "26"]
[EventDate "2023.07.21"]
[EventType "swiss (rapid)"]
[EventRounds "13"]
[EventCountry "HUN"]
[SourceTitle "CBM 215 Extra"]
[Source "ChessBase"]
[SourceDate "2023.09.30"]
[SourceVersion "1"]
[SourceVersionDate "2023.09.30"]
[SourceQuality "1"]

1. e4 c5 2. Nf3 Nc6 3. d4 cxd4 4. Nxd4 Nf6 5. Nc3 e5 6. Ndb5 d6 7. Nd5 Nxd5 8. exd5 Ne7 9. c4 Ng6 10. Qa4 Bd7 11. Qb4 Bf5 12. Qa4 Bd7 13. Qb4 Bf5 1/2-1/2

[Event "HUN-chT2 Maroczy 1516"]
[Site "Hungary"]
[Date "2016.04.03"]
[Round "8.6"]
[White "Jacso, Adam"]
[Black "Markos, Adam"]
[Result "1/2-1/2"]
[WhiteElo "2245"]
[BlackElo "2173"]
[PlyCount "120"]
[EventDate "2015.10.18"]
[EventType "team-tourn"]
[EventRounds "9"]
[EventCountry "HUN"]
[SourceTitle "EXT 2017"]
[Source "ChessBase"]
[SourceDate "2016.10.25"]
[SourceVersion "1"]
[SourceVersionDate "2016.10.25"]
[SourceQuality "1"]
[WhiteTeam "Vasas"]
[BlackTeam "Dunaharaszti II"]
[WhiteTeamCountry "HUN"]
[BlackTeamCountry "HUN"]

1. d4 Nf6 2. c4 e6 3. Nc3 Bb4 4. Qc2 0-0 5. a3 Bxc3+ 6. Qxc3 b6 7. Bg5 Bb7 8. e3 d6 9. Ne2 Nbd7 10. Qd3 h6 11. Bh4 c5 12. Nc3 d5 13. cxd5 exd5 14. Be2 a6 15. dxc5 bxc5 16. 0-0 Qe7 17. Rfd1 Qe6 18. b4 Rac8 19. Bxf6 Nxf6 20. bxc5 Rxc5 21. Rab1 Qc6 22. Na4 Rc4 23. Rb6 Qc7 24. Qb3 Rxa4 25. Rxb7 Rxa3 26. Qxa3 Qxb7 27. Qxa6 Qxa6 28. Bxa6 Ra8 29. Bf1 Ra2 30. h3 Kf8 31. g4 Ke7 32. Bg2 Ke6 33. Bf3 Ra6 34. Kg2 Rd6 35. Kg3 Nd7 36. Bg2 Nb6 37. Rd4 Rc6 38. h4 Rc3 39. g5 hxg5 40. hxg5 Rb3 41. Bf3 Rc3 42. Rb4 Rc6 43. Rf4 Rc7 44. Bg4+ Kd6 45. Bh5 Ke6 46. Rb4 Rc6 47. Bg4+ Kd6 48. Bf3 Ke7 49. Rb5 Ke6 50. Bg2 Rd6 51. f4 Rc6 52. Bf3 Rd6 53. Rc5 Kd7 54. Bg4+ Kd8 55. Rb5 Ke7 56. Ra5 Nc4 57. Ra7+ Kf8 58. Kf2 Rb6 59. Ra8+ Ke7 60. Ra7+ Kf8 1/2-1/2

[Event "HUN-chT2 Maroczy 1415"]
[Site "Hungary"]
[Date "2015.02.08"]
[Round "6"]
[White "Jacso, Adam"]
[Black "Feher, Gyula"]
[Result "1/2-1/2"]
[WhiteElo "2212"]
[BlackElo "2338"]
[PlyCount "29"]
[EventDate "2014.10.12"]
[EventType "team-tourn"]
[EventRounds "9"]
[EventCountry "HUN"]
[SourceTitle "EXT 2016"]
[Source "ChessBase"]
[SourceDate "2015.10.08"]
[SourceVersion "1"]
[SourceVersionDate "2015.10.08"]
[SourceQuality "1"]
[WhiteTeam "Vasas"]
[BlackTeam "Magyar Sakkvilag"]
[WhiteTeamCountry "HUN"]
[BlackTeamCountry "HUN"]

1. d4 Nf6 2. c4 g6 3. Nc3 d5 4. cxd5 Nxd5 5. e4 Nxc3 6. bxc3 Bg7 7. Nf3 c5 8. Rb1 0-0 9. Be2 b6 10. 0-0 Qc7 11. Bg5 e6 12. Qd2 Bb7 13. Qe3 Nd7 14. e5 Rfe8 15. Rfd1 1/2-1/2

[Event "HUN-chT2 Maroczy 1415"]
[Site "Hungary"]
[Date "2014.10.12"]
[Round "1"]
[White "Jacso, Adam"]
[Black "Magyar, Otto"]
[Result "1/2-1/2"]
[WhiteElo "2212"]
[BlackElo "2157"]
[PlyCount "29"]
[EventDate "2014.10.12"]
[EventType "team-tourn"]
[EventRounds "9"]
[EventCountry "HUN"]
[SourceTitle "EXT 2016"]
[Source "ChessBase"]
[SourceDate "2015.10.08"]
[SourceVersion "1"]
[SourceVersionDate "2015.10.08"]
[SourceQuality "1"]
[WhiteTeam "Vasas"]
[BlackTeam "Penzugyor II"]
[WhiteTeamCountry "HUN"]
[BlackTeamCountry "HUN"]

1. d4 Nf6 2. c4 e6 3. Nc3 Bb4 4. e3 Nc6 5. Nf3 0-0 6. Qc2 d6 7. a3 Bxc3+ 8. Qxc3 a5 9. b3 Re8 10. Qc2 e5 11. d5 Ne7 12. a4 Ng6 13. g3 Bg4 14. Bg2 c6 15. dxc6 1/2-1/2

[Event "HUN-chT2 Maroczy 1314"]
[Site "Hungary"]
[Date "2013.11.17"]
[Round "5"]
[White "Jacso, Adam"]
[Black "Sarosi, Zoltan"]
[Result "1/2-1/2"]
[WhiteElo "2244"]
[BlackElo "2265"]
[PlyCount "69"]
[EventDate "2013.09.08"]
[EventType "team-tourn"]
[EventRounds "11"]
[EventCountry "HUN"]
[SourceTitle "EXT 2016"]
[Source "ChessBase"]
[SourceDate "2015.10.08"]
[SourceVersion "1"]
[SourceVersionDate "2015.10.08"]
[SourceQuality "1"]
[WhiteTeam "Budapest Vasas"]
[BlackTeam "Toth Laszlo"]
[WhiteTeamCountry "HUN"]
[BlackTeamCountry "HUN"]

1. d4 Nf6 2. c4 e6 3. Nc3 Bb4 4. e3 0-0 5. Bd3 d5 6. Nf3 c5 7. 0-0 Nc6 8. a3 Bxc3 9. bxc3 Qc7 10. cxd5 exd5 11. a4 c4 12. Bc2 Bg4 13. Qe1 Rfe8 14. Nh4 g5 15. f3 Bh5 16. Nf5 Bg6 17. Qg3 Qxg3 18. hxg3 Na5 19. g4 h5 20. gxh5 Bxf5 21. Bxf5 Nb3 22. Rb1 Nxc1 23. Rbxc1 Rxe3 24. Rfe1 Rxe1+ 25. Rxe1 Nxh5 26. Re5 Nf6 27. Bc2 Rb8 28. Rf5 Kg7 29. Rxg5+ Kf8 30. Rf5 Ke7 31. g4 Ke6 32. Re5+ Kd6 33. Rf5 Ke6 34. Re5+ Kd6 35. Rf5 1/2-1/2

[Event "HUN-chT2 Maroczy 1213"]
[Site "Hungary"]
[Date "2013.04.21"]
[Round "11"]
[White "Hegyesi, Zoltan"]
[Black "Jacso, Adam"]
[Result "1/2-1/2"]
[WhiteElo "2180"]
[BlackElo "2226"]
[PlyCount "35"]
[EventDate "2012.09.16"]
[EventType "team-tourn"]
[EventRounds "11"]
[EventCountry "HUN"]
[SourceTitle "EXT 2014"]
[Source "ChessBase"]
[SourceDate "2013.11.20"]
[SourceVersion "1"]
[SourceVersionDate "2013.11.20"]
[SourceQuality "1"]
[WhiteTeam "Kisujszallas"]
[BlackTeam "Vasas"]
[WhiteTeamCountry "HUN"]
[BlackTeamCountry "HUN"]

1. d4 Nf6 2. c4 g6 3. Nc3 Bg7 4. e4 d6 5. Bd3 0-0 6. Nge2 Nc6 7. 0-0 Nh5 8. Bc2 e5 9. d5 Ne7 10. Rb1 f5 11. exf5 gxf5 12. Ng3 Nf4 13. Nh5 Nxh5 14. Qxh5 Ng6 15. Bg5 Bf6 16. Bh6 Bg7 17. Bg5 Bf6 18. Bh6 1/2-1/2

[Event "HUN-chT2 Maroczy 1213"]
[Site "Hungary"]
[Date "2013.02.17"]
[Round "7"]
[White "Battey, Alexander"]
[Black "Jacso, Adam"]
[Result "1-0"]
[WhiteElo "2364"]
[BlackElo "2226"]
[PlyCount "83"]
[EventDate "2012.09.16"]
[EventType "team-tourn"]
[EventRounds "11"]
[EventCountry "HUN"]
[SourceTitle "EXT 2014"]
[Source "ChessBase"]
[SourceDate "2013.11.20"]
[SourceVersion "1"]
[SourceVersionDate "2013.11.20"]
[SourceQuality "1"]
[WhiteTeam "Sarkany"]
[BlackTeam "Vasas"]
[WhiteTeamCountry "HUN"]
[BlackTeamCountry "HUN"]

1. d4 Nf6 2. Nf3 g6 3. c4 Bg7 4. g3 0-0 5. Bg2 d6 6. 0-0 Nc6 7. Nc3 a6 8. Bf4 Ng4 9. h3 e5 10. Bg5 f6 11. Bc1 Nh6 12. d5 Ne7 13. e4 c5 14. Rb1 a5 15. a3 Nf7 16. b4 axb4 17. axb4 b6 18. Kh2 Bh6 19. Bxh6 Nxh6 20. Qd2 Nf7 21. Ne1 f5 22. Nd3 fxe4 23. Nxe4 Nf5 24. f4 exf4 25. Rxf4 Nd4 26. g4 Bd7 27. bxc5 bxc5 28. Rb7 Bc8 29. Rb2 Ra4 30. Qf2 Ba6 31. Nf6+ Kg7 32. Nxh7 Kxh7 33. Rxf7+ Kg8 34. Rxf8+ Qxf8 35. Qe3 Bxc4 36. Rf2 Qc8 37. Nf4 Ra2 38. Nxg6 Qd7 39. Rxa2 Bxa2 40. Qg5 Qg7 41. Qd8+ Kh7 42. Nf8+ 1-0

[Event "HUN-chT2 Maroczy 1213"]
[Site "Hungary"]
[Date "2013.01.27"]
[Round "6"]
[White "Ban, Daniel Peter"]
[Black "Jacso, Adam"]
[Result "0-1"]
[WhiteElo "2093"]
[BlackElo "2226"]
[PlyCount "66"]
[EventDate "2012.09.16"]
[EventType "team-tourn"]
[EventRounds "11"]
[EventCountry "HUN"]
[SourceTitle "EXT 2014"]
[Source "ChessBase"]
[SourceDate "2013.11.20"]
[SourceVersion "1"]
[SourceVersionDate "2013.11.20"]
[SourceQuality "1"]
[WhiteTeam "Kisvarda"]
[BlackTeam "Vasas"]
[WhiteTeamCountry "HUN"]
[BlackTeamCountry "HUN"]

1. e4 c5 2. Nf3 Nc6 3. d4 cxd4 4. Nxd4 Nf6 5. Nc3 e5 6. Ndb5 d6 7. Bg5 a6 8. Na3 b5 9. Nd5 Be7 10. Bxf6 Bxf6 11. c4 b4 12. Nc2 0-0 13. g3 Bg5 14. h4 Bh6 15. Bh3 Be6 16. Qh5 a5 17. Kf1 a4 18. Rd1 b3 19. axb3 axb3 20. Ne1 Nd4 21. Nf3 Ra2 22. Nxd4 exd4 23. Qe2 Bxd5 24. cxd5 Qc7 25. Rxd4 Qc2 26. Qf3 Rxb2 27. Rb4 Rb1+ 28. Kg2 Rxh1 29. Kxh1 b2 30. Qb3 Qxf2 31. Rb8 g6 32. Qxb2 Qxg3 33. Rxf8+ Kxf8 0-1

[Event "Budapest op 08"]
[Site "Budapest"]
[Date "2012.08.26"]
[Round "9"]
[White "Jacso, Adam"]
[Black "Bodrogi, Laszlo"]
[Result "1-0"]
[WhiteElo "2224"]
[BlackElo "2043"]
[PlyCount "99"]
[EventDate "2012.08.18"]
[EventType "swiss"]
[EventRounds "9"]
[EventCountry "HUN"]
[SourceTitle "EXT 2014"]
[Source "ChessBase"]
[SourceDate "2013.11.20"]
[SourceVersion "1"]
[SourceVersionDate "2013.11.20"]
[SourceQuality "1"]

1. d4 d5 2. c4 dxc4 3. Nf3 Nf6 4. e3 e6 5. Bxc4 c5 6. 0-0 a6 7. Bb3 Nc6 8. Qe2 cxd4 9. Rd1 Be7 10. exd4 0-0 11. Nc3 Nb4 12. Bg5 h6 13. Be3 Nbd5 14. Rac1 Bd7 15. Ne5 Rc8 16. Qf3 Nxe3 17. fxe3 Bc6 18. Nxc6 Rxc6 19. e4 Qc8 20. Rf1 b5 21. Rcd1 b4 22. Ne2 a5 23. Kh1 Qa6 24. d5 exd5 25. e5 a4 26. Nd4 Rb6 27. Nf5 Bd8 28. exf6 Rxf6 29. Bxd5 g6 30. Qg3 Kh7 31. Ne3 Re8 32. Rxf6 Qxf6 33. Nc4 Re2 34. Qf3 Rf2 35. Qxf6 Bxf6 36. Nb6 b3 37. axb3 axb3 38. Rb1 Bxb2 39. Bxb3 h5 40. Bd5 h4 41. Nc4 Bd4 42. Rd1 Kg7 43. Nd2 g5 44. Ne4 Rf5 45. Nxg5 Rxg5 46. Rxd4 h3 47. g3 Re5 48. Kg1 Re1+ 49. Kf2 Rb1 50. Bf3 1-0

[Event "HUN-chT2 Erkel 1112"]
[Site "Hungary"]
[Date "2012.05.20"]
[Round "11.2"]
[White "Jacso, Adam"]
[Black "Repasi, Zoltan"]
[Result "1/2-1/2"]
[WhiteElo "2238"]
[BlackElo "2192"]
[PlyCount "31"]
[EventDate "2011.09.25"]
[EventType "team-tourn"]
[EventRounds "11"]
[EventCountry "HUN"]
[SourceTitle "EXT 2013"]
[Source "ChessBase"]
[SourceDate "2012.11.22"]
[SourceVersion "1"]
[SourceVersionDate "2012.11.22"]
[SourceQuality "1"]
[WhiteTeam "Matra"]
[BlackTeam "Dunaharaszti"]
[WhiteTeamCountry "HUN"]
[BlackTeamCountry "HUN"]

1. d4 Nf6 2. c4 g6 3. Nc3 d5 4. cxd5 Nxd5 5. e4 Nxc3 6. bxc3 c5 7. Bb5+ Bd7 8. Rb1 Bg7 9. Ne2 cxd4 10. cxd4 0-0 11. 0-0 a6 12. Bxd7 Qxd7 13. Qb3 b5 14. d5 Rc8 15. Bf4 Qe8 16. Rfc1 1/2-1/2

[Event "HUN-chT2 Erkel 1011"]
[Site "Hungary"]
[Date "2011.05.01"]
[Round "10.3"]
[White "Jacso, Adam"]
[Black "Pal, Imre"]
[Result "1-0"]
[WhiteElo "2232"]
[BlackElo "2136"]
[PlyCount "55"]
[EventDate "2010.09.12"]
[EventType "team-tourn"]
[EventRounds "11"]
[EventCountry "HUN"]
[SourceTitle "EXT 2012"]
[Source "ChessBase"]
[SourceDate "2011.11.24"]
[SourceVersion "1"]
[SourceVersionDate "2011.11.24"]
[SourceQuality "1"]
[WhiteTeam "Matra"]
[BlackTeam "Toth Laszlo"]
[WhiteTeamCountry "HUN"]
[BlackTeamCountry "HUN"]

1. d4 d5 2. c4 c6 3. Nf3 e6 4. Nc3 dxc4 5. a4 Bb4 6. Bd2 b5 7. e3 a5 8. axb5 Bxc3 9. Bxc3 cxb5 10. b3 Bb7 11. bxc4 b4 12. Bb2 Nf6 13. Bd3 0-0 14. 0-0 Nbd7 15. Re1 Be4 16. Bxe4 Nxe4 17. Qc2 Nef6 18. e4 Qc7 19. e5 Nd5 20. Ng5 g6 21. Qd3 Nf4 22. Qf3 f6 23. exf6 Nxf6 24. Nxe6 Nxe6 25. Rxe6 Nh5 26. Qb3 Rxf2 27. Kxf2 Qf7+ 28. Qf3 1-0

[Event "HUN-chT2 Erkel 1011"]
[Site "Hungary"]
[Date "2010.10.24"]
[Round "4.3"]
[White "Matuska, Miklos"]
[Black "Jacso, Adam"]
[Result "1/2-1/2"]
[WhiteElo "2142"]
[BlackElo "2232"]
[PlyCount "85"]
[EventDate "2010.09.12"]
[EventType "team-tourn"]
[EventRounds "11"]
[EventCountry "HUN"]
[SourceTitle "EXT 2012"]
[Source "ChessBase"]
[SourceDate "2011.11.24"]
[SourceVersion "1"]
[SourceVersionDate "2011.11.24"]
[SourceQuality "1"]
[WhiteTeam "Pestszentlorinc"]
[BlackTeam "Matra"]
[WhiteTeamCountry "HUN"]
[BlackTeamCountry "HUN"]

1. Nf3 c5 2. g3 Nc6 3. Bg2 d5 4. d4 cxd4 5. Nxd4 e5 6. Nxc6 bxc6 7. 0-0 Bc5 8. c4 Ne7 9. Nc3 d4 10. Na4 Bb6 11. Nxb6 axb6 12. f4 Be6 13. fxe5 Bxc4 14. Bg5 Bd5 15. Bxe7 Kxe7 16. Qxd4 Bxg2 17. Qh4+ Ke8 18. Kxg2 Qxh4 19. gxh4 Ke7 20. Rf4 Ra5 21. Rc1 Rc8 22. Rb4 Rxe5 23. Rxb6 Rxe2+ 24. Kg3 g6 25. Rbxc6 Rxc6 26. Rxc6 Rxb2 27. Ra6 Kf8 28. h3 Kg7 29. Ra7 Rc2 30. a4 Rc3+ 31. Kg2 Ra3 32. a5 Kf6 33. Kh2 h5 34. Kg2 Ke6 35. a6 f6 36. Ra8 Kf5 37. a7 Kf4 38. Rf8 Ra2+ 39. Kf1 Ra1+ 40. Kf2 Ra2+ 41. Kf1 Rxa7 42. Rxf6+ Kg3 43. Rxg6+ 1/2-1/2

[Event "HUN-chT2 Maroczy 0910"]
[Site "Hungary"]
[Date "2010.03.21"]
[Round "8"]
[White "Kaposztas, Miklos"]
[Black "Jacso, Adam"]
[Result "1/2-1/2"]
[WhiteElo "2246"]
[BlackElo "2202"]
[PlyCount "60"]
[EventDate "2009.11.08"]
[EventType "team-tourn"]
[EventRounds "11"]
[EventCountry "HUN"]
[SourceTitle "EXT 2011"]
[Source "ChessBase"]
[SourceDate "2010.11.26"]
[SourceVersion "1"]
[SourceVersionDate "2010.11.26"]
[SourceQuality "1"]
[WhiteTeam "Vasas"]
[BlackTeam "Matra"]
[WhiteTeamCountry "HUN"]
[BlackTeamCountry "HUN"]

1. c4 g6 2. Nc3 Bg7 3. d4 Nf6 4. e4 d6 5. Nge2 0-0 6. Ng3 e5 7. d5 h5 8. Bg5 Qe8 9. Be2 Nh7 10. Be3 h4 11. Nf1 f5 12. exf5 gxf5 13. f4 a5 14. Nd2 Qe7 15. 0-0 Na6 16. Rc1 Bd7 17. Kh1 e4 18. Nb3 Nc5 19. Nd4 Kh8 20. Qd2 Qf7 21. Ncb5 Bc8 22. Nb3 Nxb3 23. axb3 b6 24. Bd4 Rg8 25. Qc3 Ba6 26. Bxg7+ Rxg7 27. Nd4 Bc8 28. Nb5 Ba6 29. Nd4 Bc8 30. Nb5 Ba6 1/2-1/2

[Event "HUN-chT2 Maroczy 0910"]
[Site "Hungary"]
[Date "2010.02.14"]
[Round "6"]
[White "Kovacs, Tamas"]
[Black "Jacso, Adam"]
[Result "1/2-1/2"]
[WhiteElo "2175"]
[BlackElo "2202"]
[PlyCount "25"]
[EventDate "2009.11.08"]
[EventType "team-tourn"]
[EventRounds "11"]
[EventCountry "HUN"]
[SourceTitle "EXT 2011"]
[Source "ChessBase"]
[SourceDate "2010.11.26"]
[SourceVersion "1"]
[SourceVersionDate "2010.11.26"]
[SourceQuality "1"]
[WhiteTeam "Miskolc EMSE"]
[BlackTeam "Matra"]
[WhiteTeamCountry "HUN"]
[BlackTeamCountry "HUN"]

1. d4 d5 2. c4 c6 3. cxd5 cxd5 4. Nc3 Nf6 5. Nf3 Nc6 6. Bf4 Bf5 7. e3 e6 8. Bd3 Bg4 9. Be2 Bf5 10. Bd3 Bg4 11. Be2 Bf5 12. Bd3 Bg4 13. Be2 1/2-1/2

[Event "HUN-chT2 Maroczy 0910"]
[Site "Hungary"]
[Date "2009.12.06"]
[Round "3"]
[White "Boros, Daniel"]
[Black "Jacso, Adam"]
[Result "1/2-1/2"]
[WhiteElo "2354"]
[BlackElo "2202"]
[PlyCount "60"]
[EventDate "2009.11.08"]
[EventType "team-tourn"]
[EventRounds "11"]
[EventCountry "HUN"]
[SourceTitle "EXT 2011"]
[Source "ChessBase"]
[SourceDate "2010.11.26"]
[SourceVersion "1"]
[SourceVersionDate "2010.11.26"]
[SourceQuality "1"]
[WhiteTeam "Nyiregyhaza"]
[BlackTeam "Matra"]
[WhiteTeamCountry "HUN"]
[BlackTeamCountry "HUN"]

1. e4 c5 2. c3 g6 3. d4 cxd4 4. cxd4 d5 5. e5 Nc6 6. Nc3 Bg7 7. Be3 Nh6 8. Qb3 e6 9. Nf3 Nf5 10. Rd1 f6 11. exf6 Bxf6 12. Bb5 0-0 13. 0-0 Nxe3 14. fxe3 Bd7 15. Bxc6 Bxc6 16. Ne2 Qb6 17. Nf4 Qxb3 18. axb3 Bd7 19. Rc1 Rac8 20. Rc3 Rxc3 21. bxc3 Rc8 22. Rc1 Kf7 23. Nd3 Bb5 24. Nde5+ Ke7 25. Kf2 Rf8 26. c4 Bxe5 27. cxb5 Bb8 28. Ke2 Kd7 29. h3 h6 30. Kd3 g5 1/2-1/2